000 00737 a2200205 4500
999 _c25587
_d25587
005 20181110171153.0
010 _aB-284392, B-212487
020 _a9780099507437
_c292.50 (£ 3.25)
035 _aB-284392, B-212487
037 _bSuper
082 _aN
100 _aHaddon, Mark
245 _aA spot of bother /
_cby Mark Haddon
260 _aLondon
_bVintage Books
_c2007
270 _aRandom House, 20 Vauxhall Bridge Road,
_bLondon
_eSW 1V 2SA
_mwww.vintage-books.co.uk
300 _a503p.
_c18cm.(pbk)
942 _adpl
_cEN
_2ddc
_hN
_mHAD